01512nam a2200337Ic 450000100060000000300100000600500170001600700030003300800410003602000180007704000350009504100080013008200150013810000430015324501300019625000220032626400950034830000530044333600270049633700330052333800280055649000260058450002690061065000340087965000340091365000330094770000340098094200120101499900170102695201310104359991CO-BoRNBP20251114142434.0ta180815s9999 xx 000 0 und d a9789876296236 aCO-BoRNBPbspaerdacCO-BoRNBP aspa0 a792.8 O45c1 aOlmos Asar, Jimena,d1985-eaut96744310aCiencia que baila :bsaltos, piruetas y física para el bailarín científico /cJimena Olmos Asar, Esteban Franceschini. aPrimera edición 1aBuenos Aires Siglo Veintiuno :bSiglo Veintiuno,c[Fecha de publicación no identificada] a165 páginas :bilustraciones en blanco y negro atextobtxt2rdacontent asin mediaciónbn2rdamedia avolumenbnc2rdacarrier0 aCiencia que ladra ... aIncluye glosario \ Incluye bibliografía en páginas 163-165 \ Incluye datos biográficos de los autores en la parte inicial del libro \ Obra ganadora del Primer Premio del Concurso Internacional de Divulgación Científica Ciencia que Ladra, La Nación 201507aDanza - Historia2lemb96744407aDanza - Tecnicas2lemb96744507aDanza - Teorias2lemb967446 aCermeño, Luisd1981-967447 cBK2ddc c59991d59991 00102ddc40708GENaMEMAPJGAbMEMAPJGAcGENd2025-11-14l0o792.8 O45cpMPJG01083r2025-11-14 14:25:19tEj.1w2025-11-14yBK